000 00585nam a2200181Ia 4500
005 20250508163412.0
008 008 250505s9999 xx 000 0 eng d
037 _aTextual
040 _aFEDL
_beng
_cFEDL
041 _aeng
_2eng
084 _a372.216, HOR
_qFEDL
100 _aHorwich Frances R
_9775268
245 0 _aNursery school first, then kindergarten : Curriculum for nursery schools and kingdergartens
260 _aNew Delhi, India
_bHinds, Hayden and Eldredge, Inc
_c1947
300 _a33p
942 _cTEXL
_h372.216, HOR
999 _c1382855
_d1382855